Online katalóg knižníc regiónu Turca

Receptár zdravej výživy pre dojčatá a deti (Record no. 22979)

MARC details
000 -LEADER
fixed length control field 01049nam a2200313 a 4500
001 - CONTROL NUMBER
control field 22979
003 - CONTROL NUMBER IDENTIFIER
control field SK-KTurca
005 - DATE AND TIME OF LATEST TRANSACTION
control field 20260513094340.0
008 - FIXED-LENGTH DATA ELEMENTS--GENERAL INFORMATION
fixed length control field 160324s2000 m yxo ap r y 0 slo
015 ## - NATIONAL BIBLIOGRAPHY NUMBER
National bibliography number SNBA2001/05-01522
020 ## - INTERNATIONAL STANDARD BOOK NUMBER
International Standard Book Number 8088775604
035 ## - SYSTEM CONTROL NUMBER
System control number SNK000363279
040 ## - CATALOGING SOURCE
Original cataloging agency SNK
Language of cataloging slo
Transcribing agency SNK
Description conventions AACR2
041 0# - LANGUAGE CODE
Language code of text/sound track or separate title slo
044 ## - COUNTRY OF PUBLISHING/PRODUCING ENTITY CODE
MARC country code xo
ISO country code SK
080 ## - UNIVERSAL DECIMAL CLASSIFICATION NUMBER
Universal Decimal Classification number 641.562:613.2(083.12)
Edition identifier 1. stred. slo
080 ## - UNIVERSAL DECIMAL CLASSIFICATION NUMBER
Universal Decimal Classification number 613.2(083.12)
Edition identifier 1. stred. slo
100 1# - MAIN ENTRY--PERSONAL NAME
Personal name Ostertágová, Daša
Dates associated with a name 1939-
Relationship zos
245 1# - TITLE STATEMENT
Title Receptár zdravej výživy pre dojčatá a deti
Statement of responsibility, etc. Daša Ostertágová
250 ## - EDITION STATEMENT
Edition statement 2. vyd.
260 ## - PUBLICATION, DISTRIBUTION, ETC.
Place of publication, distribution, etc. Bratislava
Name of publisher, distributor, etc. Motýľ
Date of publication, distribution, etc. 2000
300 ## - PHYSICAL DESCRIPTION
Extent 194 s.
Other physical details fotogr., tab.
Dimensions 21 cm
650 07 - SUBJECT ADDED ENTRY--TOPICAL TERM
Topical term or geographic name entry element výživa racionálna
General subdivision dojčatá
-- deti
-- jedlá
-- príprava
-- p redpisy kuchárske
Source of heading or term SNK
650 07 - SUBJECT ADDED ENTRY--TOPICAL TERM
Topical term or geographic name entry element racionálna výživa dojčiat
General subdivision kuchárske predpisy
Source of heading or term SNK
650 07 - SUBJECT ADDED ENTRY--TOPICAL TERM
Topical term or geographic name entry element deti
General subdivision výživa racionálna
-- predpisy kuchárske
Source of heading or term SNK
655 #7 - INDEX TERM--GENRE/FORM
Genre/form data or focus term príručky
Source of term SNK
942 ## - ADDED ENTRY ELEMENTS (KOHA)
Source of classification or shelving scheme Dewey Decimal Classification
Koha item type Odborná literatúra pre dospelých
Suppress in OPAC No
Holdings
Stav vyradenia Strata Poškodenie Spôsob nadobudnutia Domovská knižnica Aktuálna knižnica Dátum nadobudnutia Total checkouts Čiarový kód exemplára Date last seen Typ exemplára
      Dar Obecná knižnica Turčianska Štiavnička Obecná knižnica Turčianska Štiavnička 13.05.2026   4738001278 13.05.2026 Odborná literatúra pre dospelých
Projekt je podporený Slovenskou asociáciou knižníc
Prevádzkuje Turčianska knižnica Martin 2026